000 00482nam a2200205Ia 4500
005 20250425160803.0
008 250425s9999 xx 000 0 und d
020 _a0070134901
041 _aeng
082 _a628.53
100 _aCRAWFORD, MARTIN
245 0 _aAIR POLLUTION CONTROL THEORY
250 _aS.E.
260 _aEstados Unidos
_bMCGRAW-HILL
_c1976
260 _aNEW YORK
300 _a624
650 _aCONTAMINANTES DEL AIRE
942 _c01
010 _a5207
999 _c196140
_d196140